[Event "Montreal 2nd"]
[Site "Montreal"]
[Date "2001.08.??"]
[Round "8"]
[White "Rozentalis, Eduardas"]
[Black "Barbeau, Sylvain"]
[Result "1-0"]
[WhiteElo "2588"]
[BlackElo "2365"]
[Annotator "Atlas,V"]
[PlyCount "93"]
[EventDate "2001.08.02"]
[EventType "tourn"]
[EventRounds "11"]
[EventCountry "CAN"]
[EventCategory "9"]
[SourceTitle "CBM 085"]
[Source "ChessBase"]
[SourceDate "2001.11.13"]
[SourceVersion "1"]
[SourceVersionDate "2001.11.13"]
[SourceQuality "1"]

1. e4 e5 2. Nf3 Nc6 3. Bb5 Bc5 4. d3 Nd4 5. Nxd4 Bxd4 6. Nd2 c6 7. Ba4 d6 8.
Nf3 Bb6 9. h3 Ne7 10. O-O O-O 11. c3 Ng6 12. d4 h6 13. Re1 Qf6 14. Bb3 Nf4 15.
Bxf4 Qxf4 16. a4 a5 17. Bc4 Qf6 18. Re3 Re8 19. Qb3 Ba7 20. Rd1 Qe7 21. Red3
Rf8 22. Re1 Rb8 23. Qd1 Bb6 24. Qd2 Bc7 25. b4 Kh8 26. b5 Bb6 27. bxc6 bxc6 28.
dxe5 dxe5 29. Rd6 Kh7 30. Rxc6 Rd8 31. Bd5 Bd7 32. Rc4 f6 33. Qc2 g5 34. Nh2
Bc5 35. Qe2 Kg6 {[%tqu "En","Suggest how White can continue his attack.","Find
a way to bring your queen into attack.","Try to deflect the enemy queen.",
"c4c5","Excellent! Then you already anticipate your next spectacular move,
don't you?",7]} 36. Rxc5 $1 {This unexpected sacrifice allows White to bring
his queen into play.} Qxc5 {[%tqu "En","How would you justify the exchange
sacrifice?","Keep in mind the enemy king.","Bring your queen into play!",
"e2h5","What a terrific blow!",6]} 37. Qh5+ $3 {[%cal Gd5f7,Gh2f3]} Kh7 ({
Black cannot take the queen in view of} 37... Kxh5 38. Bf7+ Kh4 39. Nf3#) 38.
Qf7+ Kh8 39. Qxf6+ Kh7 40. Nf3 $1 Rf8 (40... Qxc3 {is refuted by} 41. Qf7+ Kh8
42. Qg6) 41. Qxe5 {Threatening 42.Bg8+.} Rbc8 42. Rb1 $1 {Now all White's
pieces are mobilized.} Rfe8 43. Qf6 Rf8 44. Qa6 {[%csl Rh6][%cal Gb1b6,Ga6h6]
Threatening 45.Rb6.} Qxc3 45. Qd6 Qc7 (45... Qg7 {loses after} 46. Rb7) 46.
Qe7+ Kh8 47. Ne5 $1 1-0

[Event "Seville op"]
[Site "Seville"]
[Date "1993.??.??"]
[Round "3"]
[White "Khalifman, Alexander"]
[Black "Montecatine Rios, Ricardo"]
[Result "1-0"]
[WhiteElo "2630"]
[BlackElo "2345"]
[Annotator "Bulletin"]
[PlyCount "81"]
[EventDate "1993.01.??"]
[EventType "swiss"]
[EventRounds "10"]
[EventCountry "ESP"]
[SourceTitle "CBM 038"]
[Source "ChessBase"]
[SourceDate "1994.02.01"]
[SourceVersion "1"]
[SourceVersionDate "1994.02.01"]
[SourceQuality "1"]

1. e4 e5 2. Nf3 Nc6 3. Bb5 Bc5 4. O-O (4. c3) 4... Nd4 5. Nxd4 Bxd4 6. c3 Bb6
7. d4 c6 8. Ba4 d6 9. Na3 exd4 10. cxd4 Ne7 11. d5 $1 (11. Bg5 f6 12. Bf4 O-O
13. Nc4 d5 14. exd5 Nxd5 15. Bd6 Re8 16. Bc2 g6 17. Re1 Be6 $10 {Tal,M-Lutikov/
URSS/1976/}) 11... O-O 12. dxc6 bxc6 13. Bg5 f6 14. Bf4 d5 $5 (14... Bc5 $5) (
14... Ba6 15. Re1 {Velickovic-Osterman/Yugoslavia/1988/} d5 16. exd5 cxd5 17.
Qg4 $16) 15. Re1 (15. exd5 $5 cxd5 16. Re1) 15... Be6 16. Bb3 Qd7 17. exd5 Nxd5
18. Nc4 Rfd8 (18... Nxf4 $2 19. Qxd7 Bxd7 20. Nxb6+) 19. Bg3 Bc7 $6 (19... Kh8
$13 {/\ Bg8}) 20. Qd4 $1 Bxg3 (20... Bb6 $5 21. Qd2 Kh8 $14) 21. hxg3 Bf7 22.
Rad1 $14 {><c6} Qc7 23. Qc5 Rab8 24. Rd2 (24. Ba4 $2 Nb6) 24... Rb5 25. Qd4 c5
$6 $16 (25... Rbb8) 26. Qe4 Rbb8 27. Red1 Nb6 28. Nd6 $1 (28. Qf4 Qe7 29. Qe3
Qxe3 30. Rxd8+ Qe8) 28... Bxb3 29. axb3 Rd7 30. Qe6+ Kf8 31. g4 Re7 $8 (31...
Rbd8 32. g5 $18) 32. Qf5 Kg8 33. Qf3 Re5 (33... Rf8 $5) 34. g3 Qe7 35. Nf5 Qe8
$6 (35... Qc7) 36. Rd6 Re1+ (36... Rc8 37. Nxg7 $1 Kxg7 38. Qxf6+ Kg8 39. Rd8
Re1+ 40. Kg2 Rxd1 41. Qe6+ Kg7 42. Rxe8 $18) 37. Rxe1 Qxe1+ 38. Kg2 Re8 $2 $138
(38... Qe5 39. Rd2 $16) 39. Qb7 $18 Qe4+ 40. Qxe4 Rxe4 41. Rd8+ (41. Rd8+ Kf7
42. Nd6+ Ke7 43. Re8+ Kxd6 44. Rxe4) 1-0

[Event "Linares 07th"]
[Site "Linares"]
[Date "1989.??.??"]
[Round "?"]
[White "Beliavsky, Alexander G"]
[Black "Ivanchuk, Vassily"]
[Result "0-1"]
[WhiteElo "2640"]
[BlackElo "2635"]
[Annotator "ChessBase"]
[PlyCount "50"]
[EventDate "1989.01.??"]
[EventType "tourn"]
[EventRounds "11"]
[EventCountry "ESP"]
[EventCategory "16"]
[SourceTitle "CBM 011"]
[Source "ChessBase"]
[SourceDate "1989.08.01"]
[SourceVersion "1"]
[SourceVersionDate "1989.08.01"]
[SourceQuality "1"]

1. e4 e5 2. Nf3 Nc6 3. Bb5 Bc5 4. c3 Nf6 5. d4 Bb6 6. Nxe5 $5 (6. O-O O-O 7.
Re1 d6 $6 {ECO (2.Aufl., S.302) C 65/13 +/-} (7... exd4 $5 8. cxd4 d5 9. e5 Ne4
10. Nc3 Bg4 11. Bxc6 bxc6 12. Nxe4 dxe4 13. Rxe4 Bxf3 14. Qxf3 Bxd4 $10 {
Unzicker,W-Fischer,R/Leipzig ol/1960/})) (6. Qe2 {(!) ECO-Hauptvariante} exd4
7. e5 O-O 8. cxd4 Re8 9. Be3 Nd5 10. Nc3 Nxe3 11. fxe3 d5 12. O-O Bg4 13. Qf2
Bh5 14. Ba4 $16 {Tal-Van Geet/Wijk/1968/ -> Inf.5/249}) (6. dxe5 {N; nicht in
der ECO (2.Aufl.,S.299) 64/8, Anm.41 aufgeführt.} Nxe4 7. Qe2 {-> Ivanchuk,
V-Gulko,B/Linares/1989/ Da Schwarz nicht gut auf f2 nehmen kann, gewinnt Weiss
einen Bauern.}) 6... Nxe5 7. dxe5 Nxe4 8. Qg4 Bxf2+ 9. Ke2 $6 (9. Kd1 $5 Qh4
10. Qxg7 Rf8 11. b4 {/\ Bh6} (11. Bh6 $6 Bc5 12. Rf1 Nf2+ 13. Rxf2 Qxf2 14. Nd2
Qf5 $1 $17) 11... Qh5+ (11... f6 $2 12. e6 $1 Qh5+ 13. Kc2 $16) 12. Kc2 Qg6 (
12... Bh4 $5 13. Bh6 Be7 14. Rf1 b6 $1 15. e6 Nd6 $13 {Ree-Zuidema/NLD/1962/})
13. Qxg6 fxg6 $14 {Euwe}) 9... Qh4 10. Qxg7 Rf8 11. Nd2 $1 (11. Bh6 $6 Bc5 12.
Rf1 c6 13. Rf4 Qh5+ 14. Ke1 cxb5 15. Rxe4 b6 $17 {Florian-Forintos/Budapest/
1961/}) (11. b4 $2 f6 $1 $17) 11... Bc5 $6 (11... Nxd2 12. Bxd2 Bc5 13. Rhf1
Qe4+ $10 {13...c6 Short,N-Gulko,B/Linares/1989/remis/ ->} 14. Kd1 Qg6 $10) 12.
Nf3 Qf2+ (12... Qh5 13. Re1 {Rd1(!)} b6 14. Kf1 Bb7 15. e6 {15.Qh6 (!)} O-O-O
16. exd7+ Kb8 17. Qe5 Qg6 18. Nh4 Qg4 19. Qf4 f5 $17 20. Nf3 Bd6 21. Qh6 a6 22.
Bd3 Rxd7 23. Re2 Rf6 24. Qe3 Bc5 25. Nd4 Bxd4 26. cxd4 Rxd4 27. h3 Qh4 28. Re1
Rxd3 {0-1 Gilezetdinov-Tolush/corr/1970/}) 13. Kd1 Be7 14. Re1 Qb6 $1 15. Rxe4
$6 {15.Bc4! /+/=} Qxb5 16. c4 $6 Qc6 $1 17. Qxh7 d5 $1 18. exd6 Qxd6+ 19. Rd4
Qb6 20. Qe4 Rg8 $1 21. Be3 $6 (21. Bg5 $5 Qg6 22. Qxg6 Rxg6 $146) 21... Qxb2
22. Rb1 Qxg2 23. Rb5 Bg4 $1 24. Rf5 Qf1+ 25. Kc2 (25. Kd2 Bxf5 26. Qxf5 Rg2+)
25... Qe2+ 0-1

[Event "Linares 07th"]
[Site "Linares"]
[Date "1989.??.??"]
[Round "?"]
[White "Ivanchuk, Vassily"]
[Black "Gulko, Boris F"]
[Result "1/2-1/2"]
[WhiteElo "2635"]
[BlackElo "2610"]
[Annotator "ChessBase"]
[PlyCount "47"]
[EventDate "1989.01.??"]
[EventType "tourn"]
[EventRounds "11"]
[EventCountry "ESP"]
[EventCategory "16"]
[SourceTitle "CBM 011"]
[Source "ChessBase"]
[SourceDate "1989.08.01"]
[SourceVersion "1"]
[SourceVersionDate "1989.08.01"]
[SourceQuality "1"]

1. e4 e5 2. Nf3 Nc6 3. Bb5 Bc5 4. c3 Nf6 5. d4 Bb6 6. dxe5 {Kleine
Theorieübersicht -> Beliavsky,A-Ivanchuk,V/Linares/1989/} Nxe4 7. Qe2 d5 (7...
Bxf2+ 8. Kf1 $18) (7... Nxf2 8. Rf1 Ng4 9. h3 Nh6 10. Bxh6 gxh6 11. Nbd2 $16)
8. exd6 O-O 9. dxc7 Bxc7 10. O-O Re8 11. Be3 Bg4 12. Nbd2 Nxd2 13. Qxd2 Qf6 14.
Be2 Rad8 {+/= / ~/=} 15. Qc2 Rd5 16. Qa4 Qg6 17. Ne5 Rdxe5 18. Qxg4 Qc2 19. Bf3
Bb6 20. Bxb6 axb6 21. Qc4 Qxb2 22. Rab1 Qc2 23. Rxb6 Na5 24. Qb4 (24. Qb4 Re1
25. Rd6 $1 (25. g3 $2 Qd3 26. Bg2 Rxf1+ 27. Bxf1 Re1 $19) 25... Qc1 26. Rd1
Rxd1 27. Bxd1 $1 $10 (27. Rxd1 $4 Re1+ $19)) 1/2-1/2

[Event "Gibraltar Masters 18th"]
[Site "Caleta"]
[Date "2020.01.25"]
[Round "5"]
[White "Paravyan, David"]
[Black "Krysa, Leandro Sergio"]
[Result "1-0"]
[WhiteElo "2629"]
[BlackElo "2522"]
[Annotator "Edouard,R"]
[PlyCount "79"]
[EventDate "2020.01.21"]
[EventType "swiss"]
[EventRounds "10"]
[EventCountry "GGB"]
[SourceTitle "CBM 195 Extra"]
[Source "ChessBase"]
[SourceDate "2020.05.31"]
[SourceVersion "1"]
[SourceVersionDate "2020.05.31"]
[SourceQuality "1"]

1. e4 e5 2. Nf3 Nc6 3. Bb5 a6 4. Ba4 Bc5 5. c3 Nge7 6. O-O $1 (6. d4 exd4 7.
cxd4 Bb4+ 8. Nc3 d5 {is what Black wants.}) 6... Ng6 $6 {Probably a dubious
line.} (6... Ba7 {is surely critical.} 7. d4 exd4 8. cxd4 d5 9. exd5 Nxd5 {
should be a critical position, although it looks quite dubious for Black.}) 7.
d4 Ba7 8. Bg5 $5 (8. Bb3 {led to another efficient victory by GM Frolyanov:}
O-O 9. Bg5 Qe8 10. Be3 d6 11. Nbd2 Bg4 12. h3 Bd7 13. Re1 Qd8 14. Nf1 Kh8 15.
Ng3 Nh4 $2 16. Ng5 f6 $2 17. Nxh7 $1 $18 {1-0 (27) Frolyanov,D (2555)-Petukhov,
D (2332) Tolyatti 2012}) 8... f6 9. Be3 O-O 10. d5 $5 $146 (10. Re1 {should
bring White some advantage, but nothing too terrible:} d6 11. Nbd2 Kh8 12. h3
exd4 13. Nxd4 (13. cxd4 d5 14. Bxc6 bxc6 15. Rc1 dxe4 16. Nxe4 Be6 17. Nc3 Qd6
18. Qa4 Bb6 19. Nd2 f5 20. Nf3 f4 21. Bd2 a5 $132 {½-½ (64) Henderson de La
Fuente,L (2494)-Nabaty,T (2658) Douglas 2019}) 13... Nxd4 14. Bxd4 f5 (14...
Bxd4 $1 15. cxd4 f5) 15. Bxa7 Rxa7 16. Nf3 fxe4 17. Rxe4 Bf5 18. Re3 b5 19. Bb3
$14 {1-0 (60) Dominguez Perez,L (2760)-Nabaty,T (2678) Netanya 2019}) 10... Nb8
11. Bxa7 Rxa7 12. d6 $1 b5 13. Bb3+ Kh8 14. c4 Bb7 (14... cxd6 {was probably
better, but after} 15. Qxd6 bxc4 16. Bxc4 Qc7 17. Qxc7 Rxc7 18. b3 Bb7 19. Nc3
{Black's position remains very unpleasant.}) 15. Re1 c5 16. Nc3 b4 17. Nd5 Nc6
18. h4 $1 Rf7 19. h5 Nf8 20. Nh4 Nd4 21. Ne7 {The knights danse!} Ra8 22. Nef5
Nfe6 (22... a5 {was surely a better move, though after} 23. Ba4 {Black remains
paralyzed.}) 23. Ng6+ $1 {And it continues!} Kg8 24. Nfe7+ Rxe7 25. Nxe7+ Kh8
26. Ba4 a5 27. Qg4 (27. Bb5 $5 {to stop ...Ra6 was perhaps a killer.}) 27...
Ra6 28. h6 Rxd6 $2 (28... g6 $1 {and Black was still in the game.}) 29. Nf5 $5
Nxf5 30. exf5 Rd4 31. Qg3 Ng5 32. hxg7+ Kxg7 33. Rad1 Kh8 34. Rxd4 cxd4 35. f4
$1 Ne4 (35... exf4 36. Qxf4 Qg8 37. Qg4 $18) 36. Qh4 $1 Nc5 (36... exf4 37. Bc2
Nc5 38. Qh5 $18) 37. fxe5 Nxa4 38. exf6 Qg8 39. Re2 d3 40. Qd4 1-0

[Event "PCA-Wch Candidates sf1"]
[Site "Linares"]
[Date "1994.??.??"]
[Round "4"]
[White "Short, Nigel D"]
[Black "Kamsky, Gata"]
[Result "1-0"]
[WhiteElo "2665"]
[BlackElo "2695"]
[Annotator "Ftacnik,L"]
[PlyCount "109"]
[EventDate "1994.09.??"]
[EventType "match"]
[EventRounds "7"]
[EventCountry "ESP"]
[SourceTitle "CBM 043"]
[Source "ChessBase"]
[SourceDate "1994.12.01"]
[SourceVersion "1"]
[SourceVersionDate "1994.12.01"]
[SourceQuality "1"]

1. e4 e5 2. Nf3 Nc6 3. Bb5 Bc5 4. c3 Nf6 5. d4 exd4 6. e5 Ne4 7. cxd4 Bb4+ 8.
Nbd2 O-O 9. O-O d5 10. Qa4 (10. Bxc6 bxc6 11. Qc2 Ba6 12. Re1 c5 $132) 10...
Bxd2 11. Nxd2 Bd7 12. f3 a6 13. Bxc6 (13. fxe4 axb5 14. Qxb5 Nxd4 $17) 13...
Bxc6 14. Qa3 Nxd2 15. Bxd2 Bb5 16. Rfe1 Qh4 (16... Qd7 17. f4 Qf5 18. Qf3 Qd3
19. Qf2 Bd7 $10) 17. Qe3 Rac8 18. Rac1 b6 $6 19. e6 $1 fxe6 $2 (19... Qe7 $1
$10) (19... Rfe8 20. e7 a5 $1 {/\ Bd7-e6} 21. Qf4 Qxf4 22. Bxf4 c6 23. Bd6 f6
$10) 20. Qxe6+ Kh8 21. Qxd5 Rfd8 22. Qe4 Qxe4 (22... Rxd4 23. Qxh4 (23. Rxc7
Qxe1+ $1 24. Bxe1 Rxe4 25. Rxc8+ Re8 $10) 23... Rxh4 24. Re7 Rd4 25. Bc3 Rd7
26. Rce1 $14 (26. Bxg7+ Kg8 27. Rce1 $16)) 23. Rxe4 Rd7 24. Bf4 Kg8 25. Rc3 c5
$6 (25... a5 $142 $16) 26. dxc5 Rxc5 (26... bxc5 27. Kf2 $16) 27. Rxc5 bxc5 28.
Kf2 Kf7 29. Be3 Rd5 (29... Rc7 30. Re5 c4 31. Bd4 $16) 30. h4 h5 $2 {xg5} (
30... h6 31. g4 $16) 31. Bg5 Rd4 (31... Rd7 32. Re5 Rc7 33. Be3 c4 34. Rxh5 $16
) 32. Re7+ Kg8 33. Kg3 Rd7 (33... Rb4 $5 34. b3 c4 35. Bd2 (35. Re4 cxb3 $1 36.
Rxb4 $140 $2 bxa2) 35... cxb3 36. Bxb4 (36. Rxg7+ Kxg7 37. Bxb4 bxa2 38. Bc3+
Kg6 39. Kf4 $16) 36... b2 37. Re1 (37. Rxg7+ Kh8 38. Bc3 b1=Q 39. a4 Qc2 40.
Rc7+ Kg8 41. axb5 axb5 $17) 37... Bd3) 34. Re5 c4 35. Bf4 g6 36. Re6 Kf7 37.
Rb6 Rd5 (37... Re7 38. Bg5 Re6 39. Rb7+ $16) 38. Bg5 $1 Rd7 39. Bf6 Rc7 40. Bc3
Rc6 41. Rb7+ Ke6 42. Kf4 Ba4 43. Ra7 $6 (43. Kg5 $1 Bc2 44. Rg7 Rc5+ 45. Kh6
$18) 43... Bc2 44. g4 hxg4 45. fxg4 Bd1 46. Kg5 Bc2 (46... Rc5+ 47. Kxg6 Bxg4
48. Rxa6+ $18) 47. Rg7 Kd5 48. Bf6 $1 Ke6 49. Rxg6 $1 Rc5+ 50. Kh6 c3 51. bxc3
$1 (51. Bxc3+ Bxg6 52. Kxg6 Rc4 53. Kh5 Kf7) 51... Bxg6 52. Kxg6 Ra5 (52... Rc4
53. Bd4 $18) 53. h5 Rxa2 54. h6 Rh2 55. g5 $1 (55. g5 $1 a5 56. h7 a4 57. h8=Q
Rxh8 58. Bxh8 a3 59. c4 $18) 1-0

[Event "Copenhagen Open-02 (Politiken Cup-01)"]
[Site "Copenhagen"]
[Date "1980.07.01"]
[Round "8"]
[White "Poulsen, Allan"]
[Black "Angantysson, Haukur"]
[Result "1-0"]
[WhiteElo "2350"]
[BlackElo "2425"]
[Annotator "Ftacnik,L"]
[PlyCount "47"]
[EventDate "1980.06.23"]
[EventType "swiss"]
[EventRounds "10"]
[EventCountry "DEN"]
[SourceTitle "EXT 2000"]
[Source "ChessBase"]
[SourceDate "1999.11.16"]
[SourceVersion "1"]
[SourceVersionDate "1999.11.16"]
[SourceQuality "1"]

1. e4 e5 2. Nf3 Nc6 3. Bb5 Bc5 4. c3 Nf6 5. d4 exd4 6. e5 Nd5 (6... Ne4 7. Qe2
d5 8. exd6 O-O 9. dxc7 $13) 7. O-O O-O 8. cxd4 Be7 9. Nc3 (9. Qb3 Nb6 10. d5
Nb8) 9... Nxc3 10. bxc3 d6 11. exd6 cxd6 (11... Qxd6) 12. Re1 Bg4 $2 13. h3 Bh5
$2 (13... Bxf3) (13... Bd7 $1) 14. g4 Bg6 15. Qe2 $1 Qa5 $2 (15... Re8 16. d5
a6 17. dxc6 axb5 18. cxb7 $16) (15... Bh4 16. Bf4 $14) 16. Bxc6 bxc6 17. Qxe7
f5 18. Bd2 fxg4 19. Qe6+ Kh8 20. Nh4 Bh5 21. hxg4 Rf6 22. Qe2 g5 23. c4 Bxg4
24. Qe7 1-0

[Event "British CF-70 Championship"]
[Site "Southport/ Merseyside"]
[Date "1983.08.16"]
[Round "8"]
[White "Chandler, Murray G"]
[Black "Johansen, Darryl Keith"]
[Result "1-0"]
[WhiteElo "2500"]
[BlackElo "2490"]
[Annotator "Griffiths"]
[PlyCount "105"]
[EventDate "1983.08.08"]
[EventType "swiss"]
[EventRounds "11"]
[EventCountry "ENG"]
[SourceTitle "EXT 1999"]
[Source "ChessBase"]
[SourceDate "1998.11.16"]
[SourceVersion "1"]
[SourceVersionDate "1998.11.16"]
[SourceQuality "1"]

1. e4 e5 2. Nf3 Nc6 3. Bb5 Bc5 4. O-O Nd4 5. Nxd4 Bxd4 6. c3 Bb6 7. d4 c6 8.
Ba4 d6 9. Na3 Nf6 10. Bg5 h6 11. Bxf6 Qxf6 12. d5 Bd7 13. Nc4 Bc7 14. dxc6 bxc6
15. Qd3 O-O 16. Rad1 Rfd8 17. Rd2 Rac8 18. Rfd1 Bg4 19. f3 Bd7 20. Kh1 Be8 21.
Qe3 Ra8 22. Qe2 h5 23. b4 g6 24. Bb3 Rab8 25. Rd3 Rd7 26. a4 a5 27. b5 cxb5 28.
axb5 Rxb5 29. Ba4 Rd8 30. Bxb5 Bxb5 31. Rd5 Bc6 32. Ne3 $1 Qe6 33. R5d2 Bb6 34.
Nd5 Bc5 35. Qa6 Bxd5 36. Rxd5 Rb8 37. Qxa5 h4 38. Qc7 Ra8 39. h3 Qf6 40. Qc6
Ra2 41. Rxc5 Qg5 42. Rg1 dxc5 43. Qxc5 Qg3 44. c4 Kg7 45. Qd6 Rf2 46. Qd1 Qg5
47. Qc1 Qg3 48. c5 $1 f5 (48... Rxf3 49. c6 Rc3 50. c7 $1) 49. c6 fxe4 50. fxe4
Rf8 51. c7 Rc8 52. Qc6 Qd3 53. Qe6 1-0

[Event "FRA-ch"]
[Site "Narbonne"]
[Date "1997.08.25"]
[Round "10"]
[White "Fontaine, Robert"]
[Black "Neiman, Emmanuel"]
[Result "1-0"]
[WhiteElo "2395"]
[BlackElo "2315"]
[Annotator "Hecht,H"]
[PlyCount "119"]
[EventDate "1997.08.15"]
[EventType "tourn"]
[EventRounds "15"]
[EventCountry "FRA"]
[EventCategory "9"]
[SourceTitle "CBM 061"]
[Source "ChessBase"]
[SourceDate "1997.11.23"]
[SourceVersion "1"]
[SourceVersionDate "1997.11.23"]
[SourceQuality "1"]

1. e4 {King,D} e5 2. Nf3 Nc6 3. Bb5 Bc5 4. O-O d6 5. c3 Bd7 6. d4 Bb6 7. Na3
Nge7 8. Nc4 (8. dxe5 Nxe5 9. Nxe5 dxe5 10. Bxd7+ Qxd7 11. Nc4 Ng6 12. a4 Qe6
13. Qd5 Qxd5 14. exd5 Bc5 15. Be3 Bxe3 16. fxe3 f6 17. e4 Ne7 18. Ne3 a5 19. b4
Kd7 20. b5 Kd6 21. b6 c6 22. c4 Kc5 {McDonald,N-Kosten,A/Hastings op9495 1995/
EXT 95op/0-1 (52)}) 8... O-O 9. Bg5 (9. a4 exd4 10. cxd4 Bg4 11. Bxc6 (11. Nxb6
axb6 12. Be3 (12. Ra3 d5 13. Re1 dxe4 14. Rxe4 Bf5 15. Re1 Ng6 16. Rc3 Qd6 17.
h3 Nb4 18. Ne5 Be6 19. b3 Na2 20. Rce3 Nxc1 21. Qxc1 Nh4 22. Bc4 Bd5 23. Bxd5
Qxd5 24. Re4 Nxg2 25. Rg4 Nxe1 26. Rxg7+ Kh8 27. Qh6 Qe4 28. Rg4 Qg6 29. Rxg6
Nf3+ 30. Nxf3 {1-0 Polgar,I-Sax,G/HUN-ch 1970/MCD-ch}) 12... d5 13. h3 Bh5 14.
e5 Nf5 15. g4 Nxe3 16. fxe3 Bg6 17. Bd3 Nb4 18. Bf5 c5 19. Qd2 Qe7 20. h4 h5
21. Ng5 hxg4 22. Bxg6 fxg6 23. Qg2 cxd4 24. exd4 g3 25. Qxg3 Rf5 26. Rxf5 gxf5
27. Rc1 Qe8 28. e6 Nc6 29. Qc7 Qh5 30. Qf7+ Qxf7 31. exf7+ Kf8 32. b4 Nxd4 {
1-0 Smirin,I-Garcia,G/Oviedo rapid 1993/EXP 38}) (11. d5 Ne5 12. a5 Bxf3 13.
gxf3 Bc5 14. f4 a6 15. Nxe5 dxe5 16. Bc4 exf4 17. Bxf4 Ng6 18. Bg3 Qe7 19. Qc2
h5 20. h4 Nxh4 21. e5 Qg5 22. Qc3 Nf5 23. Kh1 Qg4 24. Rg1 Bd4 25. Qd3 Be3 26.
Qf1 Qe4+ 27. f3 Bxg1 28. fxe4 Nxg3+ 29. Kxg1 Nxf1 30. Rxf1 Rae8 31. Rf5 g6 32.
Rg5 Kg7 33. e6 fxe6 34. dxe6 Rf4 35. Rd5 Re7 36. Rd4 Kf6 37. b4 c6 38. Kg2 g5
39. Kg3 h4+ 40. Kh3 Rh7 41. Kg2 h3+ {0-1 Burovic,I-Potocnik,P/Ljubljana op
1992/TD 92\04}) 11... Nxc6 12. d5 Ne5 13. Ncxe5 dxe5 14. h3 Bh5 15. Ra3 Qe7 16.
Re1 Rfd8 17. Be3 c6 18. Bxb6 axb6 19. Qb3 cxd5 20. exd5 Bxf3 21. Qxf3 Ra5 22.
Qe3 Raxd5 23. Qxb6 R8d6 {1/2-1/2 Garcia,G-Armas,J/Capablanca mem-B 1993/EXP 35}
) 9... h6 10. Bxe7 Qxe7 11. a4 a6 12. Bxc6 Bxc6 13. Nxb6 cxb6 14. Re1 b5 15.
axb5 Bxb5 16. b3 Rfd8 17. c4 Bd7 18. dxe5 dxe5 19. Qd5 {(Piece versus pawns)
Realising he is about to lose a pawn for not very much, Black decides to
complicate the situation by giving up his bishop for two pawns.} Ba4 20. Qa5
Bxb3 21. Qc3 Bxc4 22. Qxc4 Rac8 23. Qb3 Rc5 24. h3 Rdc8 25. Qb2 a5 26. Reb1 Kh7
27. Rd1 f6 28. Rd5 Rc2 29. Qb5 R8c5 30. Rxc5 Qxc5 31. Qxc5 Rxc5 32. Kf1 b6 33.
Ke1 {The secret of playing such positions with the extra piece is to remain
rock solid. White must inch his way forward, ensuring that he creates no
weaknesses in his own camp. White's technique is up to it.} Rc4 34. Nd2 Rb4 35.
Rb1 Rxb1+ 36. Nxb1 {[#] In principle, we have a pawn ending, since the knight
is occupied with watching over Black's passed pawns. On the other hand, White
can make as many tempo moves as he likes with his piece, which makes a White
win likely. If White succeeds in blocking the king's wing, he will win by
penetrating with his king to the queenside. For this creatively conducted
endgame with its study-like conclusion, we give an Endgame Medal! [#] Im
Prinzip liegt ein Bauernendspiel vor, weil der Springer mit der Bewachung der
schwarzen Freibauern beschäftigt ist. Allerdings kann Weiß mit seiner Figur
beliebig viele Tempozüge machen, was einen weißen Gewinn wahrscheinlich macht.
Wenn es Weiß gelingt, den Königsflügel dicht zu machen, gewinnt er durch
Einsatz seines Königs am Damenflügel. Für das kreativ geführte Endspiel mit
seinem studienartigen Schluß gibt es eine Endspielmedaille!} b5 37. Nc3 b4 38.
Na4 Kg6 39. Ke2 Kg5 (39... Kf7 40. Kd3 Ke6 41. Kc4 f5 42. Nc5+ $1 (42. Kb5 fxe4
43. Kxa5 Kd5 44. Kxb4 Kd4 {with very poor White king position. Only Black can
win. mit sehr schlechter weißer Königsposition. Gewinnen kann nur Schwarz.})
42... Kf6 (42... Kd6 43. exf5 $18) 43. Kb5 fxe4 44. Kxa5 Kf5 45. Kxb4 Kf4 46.
Ne6+ $18) 40. Kf3 Kh4 41. Nc5 h5 42. Ke3 Kg5 {Black retreats, but he was going
to have to in the end anyway:} (42... g5 {King,D} 43. Kf3 g4+ 44. hxg4 hxg4+
45. Ke3 g3 (45... Kg5 46. g3 f5 47. exf5 (47. Kd3 $1 Kf6 48. Kc4) 47... Kxf5
48. Kd3 {Zugzwang}) 46. f4 Kg4 47. f5 Kg5 48. Kf3 Kh4 49. Na4 {Zugzwang}) 43.
g3 g6 (43... Kg6 44. h4 Kf7 45. Kd3 g5 46. Kc4 gxh4 47. gxh4 f5 48. f3 fxe4 49.
fxe4 Ke7 50. Kb5 Kd6 51. Nb3 $18) 44. f4+ exf4+ (44... Kh6 45. fxe5 fxe5 46.
Nd3 b3 47. Kd2 a4 48. Kc3 Kg5 (48... h4 {[#]} 49. g4 $1 (49. gxh4 $2 Kh5 50.
Nxe5 Kxh4 51. Nxg6+ Kg5 52. Ne5 Kf4 53. Kd4 (53. h4 Kxe5 54. h5 Kf6 $19) 53...
b2 54. Nd3+ Kg5 55. Nxb2 a3 56. Kc3 a2 $1 $19) 49... Kg5 50. Nxe5 Kf4 51. Nxg6+
$18) 49. Nxe5 Kf6 50. Nf3 g5 51. Nd2 Ke5 52. Kd3 b2 53. Nb1 h4 54. gxh4 gxh4
55. Ke3 Ke6 56. Kd4 Kd6 57. e5+ Ke6 58. Ke4 Ke7 59. Kd5 Kd7 60. e6+ Ke7 61. Ke5
Ke8 62. Kd6 Kd8 63. e7+ Ke8 64. Na3 $18) 45. gxf4+ {[#]} Kh6 (45... Kh4 46. e5
fxe5 47. fxe5 Kg5 48. Ke4 Kh6 49. e6 Kg7 50. Ke5 g5 51. e7 Kf7 52. Kd6 Ke8 53.
Ke6 b3 54. Nd7 $18) 46. h4 g5 47. hxg5+ fxg5 48. f5 h4 49. Kf3 h3 50. Kg3 g4
51. e5 Kg5 52. f6 Kg6 53. Ne4 b3 54. e6 b2 55. e7 {This last phase just
requires a little calculation.} Kf7 (55... b1=Q {King,D} 56. e8=Q+ Kf5 57. f7
Qe1+ 58. Nf2 Qg1+ 59. Kh4 Qxf2+ 60. Kh5) 56. Nd6+ Kxf6 57. e8=Q b1=Q {[#] Now
comes the study-like conclusion with echoes of a Kubbel-study. [#] Es gibt nun
einen studienartigen Schluß mit Anklängen an Kubbel-Studien zu sehen.} 58. Ne4+
Kf5 (58... Kg7 59. Qe7+ Kh8 (59... Kg6 {King,D} 60. Qf6+ Kh7 61. Ng5+ Kg8 62.
Qf7+ Kh8 63. Qf8#) 60. Nf6 Qg1+ (60... Qb3+ 61. Kh4) 61. Kh4 Qf2+ 62. Kh5 Qf5+
63. Kh6 Qf4+ 64. Kg6 {and Black has no more checks. und Schwarz hat kein
Schach mehr.}) 59. Qf7+ Ke5 (59... Kxe4 60. Qg6+) 60. Qf6+ (60. Qf6+ Kd5 (60...
Kxe4 {King,D} 61. Qg6+) 61. Nc3+) 1-0